ბათუმის შოთა რუსთაველის სახელმწიფო უნივერსიტეტის ბიბლიოთეკა

Сборник задач по программированию (ბიბ.ჩანაწერი № 47967)

000 -LEADER
fixed length control field 00680nam a2200205Ia 4500
001 - CONTROL NUMBER
control field 14844
003 - CONTROL NUMBER IDENTIFIER
control field GE_BSU
008 - FIXED-LENGTH DATA ELEMENTS--GENERAL INFORMATION
fixed length control field 181216s||||||||xx |||||||||||||| ||und||
040 ## - CATALOGING SOURCE
Transcribing agency GE_BSU
080 ## - UNIVERSAL DECIMAL CLASSIFICATION NUMBER
Universal Decimal Classification number 681(075.8)
100 ## - MAIN ENTRY--PERSONAL NAME
Personal name Бухтияров, А.М. Зикевская,Л.М, Фролов,Г.Д.
245 ## - TITLE STATEMENT
Title Сборник задач по программированию
245 ## - TITLE STATEMENT
Statement of responsibility, etc. Под ред.Н.А.Криницкого
260 ## - PUBLICATION, DISTRIBUTION, ETC.
Place of publication, distribution, etc. Москва
260 ## - PUBLICATION, DISTRIBUTION, ETC.
Name of publisher, distributor, etc. Наука
260 ## - PUBLICATION, DISTRIBUTION, ETC.
Date of publication, distribution, etc. 1973
300 ## - PHYSICAL DESCRIPTION
Extent 286стр.22см.
653 ## - INDEX TERM--UNCONTROLLED
Uncontrolled term Сборник задач по программированию на алгоритмических языках
942 ## - ADDED ENTRY ELEMENTS (KOHA)
Koha item type წიგნი
ეგზემპლარები
Withdrawn status Lost status Damaged status Not for loan Date acquired Barcode Date last seen Price effective from Koha item type
        2018-12-17 17891 2018-12-17 2018-12-17 წიგნი
        2018-12-17 17892 2018-12-17 2018-12-17 წიგნი